[Event "Gatineau Aylmer CC Hiver"]
[Site "Gatineau"]
[Date "2016.01.29"]
[Round "4"]
[White "Sass, Andrew"]
[Black "Lamoureux, Gilbert"]
[Result "1-0"]
[WhiteElo "1381"]
[BlackElo "1243"]
[PlyCount "60"]
[EventDate "2016.01.08"]
[EventType "swiss"]
[EventRounds "6"]
[EventCountry "CAN"]
[SourceTitle "EXT 2022"]
[Source "ChessBase"]
[SourceDate "2021.10.06"]
[SourceVersion "1"]
[SourceVersionDate "2021.10.06"]
[SourceQuality "1"]

1. d4 Nf6 2. c4 e6 3. e3 d5 4. Nf3 Nc6 5. Be2 Bd6 6. 0-0 0-0 7. Bd2 b6 8. a3 Ne4 9. Be1 Ba6 10. Qa4 Na5 11. Bxa5 bxa5 12. Qxa5 Qc8 13. Nc3 Rb8 14. Nb5 dxc4 15. Bxc4 Bxb5 16. Bxb5 c6 17. Bd3 Nf6 18. Qd2 Nd7 19. b4 e5 20. Qc2 exd4 21. Nxd4 c5 22. Bxh7+ Kh8 23. Bf5 Be5 24. Bxd7 Qxd7 25. Qxc5 Rfe8 26. Rad1 Bd6 27. Qh5+ Kg8 28. Nf5 Rb6 29. Qg4 Bxh2+ 30. Kh1 Rg6 1-0

[Event "Gatineau Hull CC 35 Ann U1500"]
[Site "Gatineau"]
[Date "2015.10.13"]
[Round "5"]
[White "Simard, Paul"]
[Black "Lamoureux, Gilbert"]
[Result "0-1"]
[WhiteElo "1207"]
[BlackElo "1123"]
[PlyCount "52"]
[EventDate "2015.09.15"]
[EventType "swiss"]
[EventRounds "5"]
[EventCountry "CAN"]
[SourceTitle "EXT 2022"]
[Source "ChessBase"]
[SourceDate "2021.10.06"]
[SourceVersion "1"]
[SourceVersionDate "2021.10.06"]
[SourceQuality "1"]

1. f4 d5 2. Nf3 Bg4 3. e3 e6 4. Be2 Nf6 5. Ne5 Bxe2 6. Qxe2 Bd6 7. Nf3 c5 8. b3 Nbd7 9. Bb2 Qc7 10. Nc3 0-0-0 11. 0-0 Rhg8 12. Nb5 Qb6 13. a4 a6 14. a5 Qxb5 15. Qxb5 axb5 16. d4 Ne4 17. Rfd1 h6 18. Nd2 Ndf6 19. h3 g5 20. fxg5 Rxg5 21. Nxe4 Nxe4 22. Rf1 f5 23. Ra2 Rdg8 24. Rfa1 Rxg2+ 25. Kf1 Rf2+ 26. Ke1 Rg1# 0-1

[Event "Outaouais op U1500"]
[Site "Gatineau"]
[Date "2015.06.07"]
[Round "5"]
[White "Lamoureux, Gilbert"]
[Black "Gunn, Richard"]
[Result "0-1"]
[WhiteElo "1191"]
[BlackElo "1285"]
[PlyCount "46"]
[EventDate "2015.06.05"]
[EventType "swiss"]
[EventRounds "5"]
[EventCountry "CAN"]
[SourceTitle "EXT 2019"]
[Source "ChessBase"]
[SourceDate "2018.10.10"]
[SourceVersion "1"]
[SourceVersionDate "2018.10.10"]
[SourceQuality "1"]

1. e4 b6 2. d4 Bb7 3. Nc3 e6 4. Nf3 Bb4 5. e5 h6 6. Bd2 Ne7 7. Bd3 Bxf3 8. Qxf3 Nbc6 9. Be3 Nd5 10. 0-0 Nxc3 11. bxc3 Bxc3 12. Rab1 Nxd4 13. Qg4 Nc6 14. Qxg7 Bxe5 15. Qg4 h5 16. Qf3 f5 17. Bb5 Qh4 18. g3 Qe4 19. Qd1 f4 20. Bc1 h4 21. f3 Qd4+ 22. Kg2 hxg3 23. Qxd4 Rxh2+ 0-1